The PCBP1 gene encoding poly(rC) binding protein i is recurrently mutated in Burkitt lymphoma

Saved in:
Bibliographic Details
Main Authors: Wagener, Rabea (Author) , Betts, Matthew J. (Author) , Russell, Robert B. (Author)
Format: Article (Journal)
Language:English
Published: September 2015
In: Genes, chromosomes & cancer
Year: 2015, Volume: 54, Issue: 9, Pages: 555-564
ISSN:1098-2264
DOI:10.1002/gcc.22268
Online Access:Verlag, Volltext: http://dx.doi.org/10.1002/gcc.22268
Get full text
Author Notes:Rabea Wagener, Sietse M. Aukema, Matthias Schlesner, Andrea Haake, Birgit Burkhardt, Alexander Claviez, Hans G. Drexler, Michael Hummel, Markus Kreuz, Markus Loeffler, Maciej Rosolowski, Cristina López, Peter Möller, Julia Richter, Marius Rohde, Matthew J. Betts, Robert B. Russell, Stephan H. Bernhart, Steve Hoffmann, Philip Rosenstiel, Markus Schilhabel, Monika Szczepanowski, Lorenz Trümper, Wolfram Klapper, Reiner Siebert on behalf on the ICGC MMML-Seq-Project and the "Molecular Mechanism in Malignant Lymphomas" network project of the Deutsche Krebshilfe

MARC

LEADER 00000caa a2200000 c 4500
001 1551646641
003 DE-627
005 20220813113921.0
007 cr uuu---uuuuu
008 170111s2015 xx |||||o 00| ||eng c
024 7 |a 10.1002/gcc.22268  |2 doi 
035 |a (DE-627)1551646641 
035 |a (DE-576)481646647 
035 |a (DE-599)BSZ481646647 
035 |a (OCoLC)1340951035 
040 |a DE-627  |b ger  |c DE-627  |e rda 
041 |a eng 
084 |a 33  |2 sdnb 
100 1 |a Wagener, Rabea  |e VerfasserIn  |0 (DE-588)1123217793  |0 (DE-627)876562594  |0 (DE-576)481668314  |4 aut 
245 1 4 |a The PCBP1 gene encoding poly(rC) binding protein i is recurrently mutated in Burkitt lymphoma  |c Rabea Wagener, Sietse M. Aukema, Matthias Schlesner, Andrea Haake, Birgit Burkhardt, Alexander Claviez, Hans G. Drexler, Michael Hummel, Markus Kreuz, Markus Loeffler, Maciej Rosolowski, Cristina López, Peter Möller, Julia Richter, Marius Rohde, Matthew J. Betts, Robert B. Russell, Stephan H. Bernhart, Steve Hoffmann, Philip Rosenstiel, Markus Schilhabel, Monika Szczepanowski, Lorenz Trümper, Wolfram Klapper, Reiner Siebert on behalf on the ICGC MMML-Seq-Project and the "Molecular Mechanism in Malignant Lymphomas" network project of the Deutsche Krebshilfe 
264 1 |c September 2015 
300 |a 10 
336 |a Text  |b txt  |2 rdacontent 
337 |a Computermedien  |b c  |2 rdamedia 
338 |a Online-Ressource  |b cr  |2 rdacarrier 
500 |a Gesehen am 11.01.2017 
700 1 |a Betts, Matthew J.  |e VerfasserIn  |0 (DE-588)1050283740  |0 (DE-627)78378127X  |0 (DE-576)404498930  |4 aut 
700 1 |a Russell, Robert B.  |e VerfasserIn  |0 (DE-588)173751091  |0 (DE-627)698656334  |0 (DE-576)134591755  |4 aut 
773 0 8 |i Enthalten in  |t Genes, chromosomes & cancer  |d New York, NY : Wiley-Liss, 1989  |g 54(2015), 9, Seite 555-564  |h Online-Ressource  |w (DE-627)302922369  |w (DE-600)1492641-6  |w (DE-576)094400474  |x 1098-2264  |7 nnas  |a The PCBP1 gene encoding poly(rC) binding protein i is recurrently mutated in Burkitt lymphoma 
773 1 8 |g volume:54  |g year:2015  |g number:9  |g pages:555-564  |g extent:10  |a The PCBP1 gene encoding poly(rC) binding protein i is recurrently mutated in Burkitt lymphoma 
856 4 0 |u http://dx.doi.org/10.1002/gcc.22268  |x Verlag  |x Resolving-System  |3 Volltext 
951 |a AR 
992 |a 20170112 
993 |a Article 
994 |a 2015 
998 |g 173751091  |a Russell, Robert B.  |m 173751091:Russell, Robert B.  |d 700000  |d 716000  |d 700000  |d 718000  |e 700000PR173751091  |e 716000PR173751091  |e 700000PR173751091  |e 718000PR173751091  |k 0/700000/  |k 1/700000/716000/  |k 0/700000/  |k 1/700000/718000/  |p 17 
998 |g 1050283740  |a Betts, Matthew J.  |m 1050283740:Betts, Matthew J.  |d 700000  |d 718000  |e 700000PB1050283740  |e 718000PB1050283740  |k 0/700000/  |k 1/700000/718000/  |p 16 
999 |a KXP-PPN1551646641  |e 2950256929 
BIB |a Y 
SER |a journal 
JSO |a {"id":{"eki":["1551646641"],"doi":["10.1002/gcc.22268"]},"note":["Gesehen am 11.01.2017"],"title":[{"title_sort":"PCBP1 gene encoding poly(rC) binding protein i is recurrently mutated in Burkitt lymphoma","title":"The PCBP1 gene encoding poly(rC) binding protein i is recurrently mutated in Burkitt lymphoma"}],"origin":[{"dateIssuedDisp":"September 2015","dateIssuedKey":"2015"}],"recId":"1551646641","relHost":[{"id":{"doi":["10.1002/(ISSN)1098-2264"],"eki":["302922369"],"issn":["1098-2264"],"zdb":["1492641-6"]},"part":{"pages":"555-564","volume":"54","year":"2015","extent":"10","issue":"9","text":"54(2015), 9, Seite 555-564"},"pubHistory":["1.1989/90 -"],"origin":[{"publisherPlace":"New York, NY","dateIssuedDisp":"1989-","dateIssuedKey":"1989","publisher":"Wiley-Liss"}],"recId":"302922369","disp":"The PCBP1 gene encoding poly(rC) binding protein i is recurrently mutated in Burkitt lymphomaGenes, chromosomes & cancer","note":["Gesehen am 14.12.07"],"title":[{"title":"Genes, chromosomes & cancer","title_sort":"Genes, chromosomes & cancer"}],"physDesc":[{"extent":"Online-Ressource"}],"language":["eng"],"type":{"media":"Online-Ressource","bibl":"periodical"}}],"language":["eng"],"person":[{"family":"Wagener","display":"Wagener, Rabea","role":"aut","given":"Rabea"},{"given":"Matthew J.","display":"Betts, Matthew J.","role":"aut","family":"Betts"},{"family":"Russell","role":"aut","display":"Russell, Robert B.","given":"Robert B."}],"type":{"media":"Online-Ressource","bibl":"article-journal"},"name":{"displayForm":["Rabea Wagener, Sietse M. Aukema, Matthias Schlesner, Andrea Haake, Birgit Burkhardt, Alexander Claviez, Hans G. Drexler, Michael Hummel, Markus Kreuz, Markus Loeffler, Maciej Rosolowski, Cristina López, Peter Möller, Julia Richter, Marius Rohde, Matthew J. Betts, Robert B. Russell, Stephan H. Bernhart, Steve Hoffmann, Philip Rosenstiel, Markus Schilhabel, Monika Szczepanowski, Lorenz Trümper, Wolfram Klapper, Reiner Siebert on behalf on the ICGC MMML-Seq-Project and the \"Molecular Mechanism in Malignant Lymphomas\" network project of the Deutsche Krebshilfe"]},"physDesc":[{"extent":"10 S."}]} 
SRT |a WAGENERRABPCBP1GENEE2015